| 000 | 00775nam a22001937a 4500 | ||
|---|---|---|---|
| 999 |
_c176311 _d176311 |
||
| 005 | 20201230151341.0 | ||
| 010 | _aUR-10964 | ||
| 020 |
_c550.00 _a9789389733952 |
||
| 035 | _aU-9519 | ||
| 037 | _bDBAD/PUB | ||
| 082 | _a808.4 | ||
| 100 | _aتر تيب و تہز يب: شا ہد ا قبا ل | ||
| 245 |
_aچٹھی آ ئ ہے (مشا ہير کے خطو ط ا ما م آ عظم کے نا م ) _cتر تيب و تہز يب: شا ہد ا قبا ل |
||
| 246 |
_bChitthi Aai Hai (Urdu) _aCompiled by Shahid Iqbal |
||
| 260 |
_aN.Delhi _bEducational Publishing House _c2020ء |
||
| 270 |
_aH.O.D1/16,Ansari Road,Darya ganj, _bN.Delhi _e110002 _k45678285,23216162 _l0091-11-23211540 |
||
| 300 |
_a752 ص _c22 Cm(Hb) |
||
| 942 |
_2ddc _cUR _h808.4 _mش ا ہ |
||